000 00385nam a2200145Ia 4500
008 220216s9999 xx 000 0 und d
100 _aRhodes E
245 0 _aMalayan patents relating to rubber. Part II
260 _bJournal of the Rubber Research Institute of Malaya
_c1934
300 _a196-228
650 _aMalaya
650 _aRubber
700 _aWiltshire J L
942 _cJS
999 _c62382
_d62382